| 000 | 01066nam a2200265Ia 4500 | ||
|---|---|---|---|
| 003 | OSt | ||
| 005 | 20221005111440.0 | ||
| 006 | a|||||r|||| 00| 0 | ||
| 007 | ta | ||
| 008 | 221004b |||||||| |||| 00| 0 hin d | ||
| 020 |
_a8181436520 (hbk) _c300 |
||
| 024 | _a104584 | ||
| 037 |
_b372, 17/02/2011, Vani Prakashan _cTextual |
||
| 040 |
_aCRL _cCRL _bhin |
||
| 041 |
_2hin _ahin |
||
| 082 | _aO152,1:g, P7 | ||
| 100 | _aमल्ल, विजयशंकर | ||
| 245 | 0 | _aहिंदी - काव्य में प्रगतिवाद और अन्य निबंध | |
| 246 | _aHiandī - kāvya mean pragativād aur anya nibandha | ||
| 260 |
_aनई दिल्ली _bवाणी प्रकाशन भारत _c2007 |
||
| 300 |
_a228पृ0 _ccm. |
||
| 700 | _a शर्मा, विष्णु चंद्र | ||
| 942 |
_hO152,1:g, P7 _cTEXL _2cc |
||
| 999 |
_c1021863 _d1021863 |
||